00555nam a22002057a 4500003000500000005001700005008004100022010000900063011000900072035000900081040000900090082002000099111007000119245001200189260004600201300001000247500001100257650001800268710006300286CHAP20220329133157.0971013s1981 r 10010 d a3027 a3999 a3200 cCHAP a631.7bC86 198100aCurso de Riego Superficial (n6d: 1981c: Gómez Palacio, Dgo.) aMemoria aGómez Palacio, Dgo. :bEl Centro,c1981 a164 p aD48-8414aIrrigación.0 aCentro Nacional de Métodos Avanzados de Riego. México.